福爾摩沙三族記

資料類型: Book 圖書   書目號:45788

Leader xxxxxxxxxx
001 __ PCLIS00045788
005 __ 20220912095846.0
010 0_ |a978-957-32-6915-1|b平裝|dNT$360
100 __ |a20130406d2012    m  y0chiy09      e
101 0_ |achi
102 __ |atw
105 __ |aa   z   000ay
200 1_ |a福爾摩沙三族記|e|f陳耀昌著
205 __ |a初版
210 __ |a臺北市|c遠流|d2012[民101]
215 0_ |a404面, 圖版16面|c彩圖|d21公分
225 __ |a|v
300 __ |a附錄: 三太子與鄭成功
681 __ |a863.57|b8755
681 __ |a857.7|b8755
700 _1 |a|b耀昌|4702 __ |a|b|4
801 _0 |atw|b內湖高中|c20130406|gCCR
801 _2 |atw|b內湖高中|c20220912|gCCR
  
詳細館藏(共 1 筆)
索 書 號登 錄 號冊次號館別 / 館藏地流通類型狀態加入預約清單電子資源
857.7 / 8755 1020651  圖書館 / 一樓普通區 可外借30天 在館   

| 條列資料




目錄查詢 分類查詢 個人資料 圖書薦購 新書查詢 閉館日 排行榜 更多電子資源 Hami書城 線上資料庫 登出

From : 216.73.217.52

  本日流通累計至 08:54:11 借閱 : 0 次 續借 : 0 次 歸還 : 0 次 預約 : 0 次 電子資源 : 0 次


內湖高中圖書館  PCLIS 版本  26.5.0.12